000 01137cab a2200229 4500
001 ABS39796
008 090401t1988 xxu||||| |||| 00| 0 eng d
035 _a(Sirsi) u19011
041 _aeng
100 _aParkin, R.
245 _aLegal report
260 _c1988
350 _a0
490 _aArchitects` Journal
_v188(40) 5 October 1988, 85(2)
520 _aDiscusses the decision in D & F Estates Ltd v The Church Commissioners and Others, HL 14 July 1988, see Abstract 39482. Concentrates on the implications for architects . A dispute arose after the discovery that plaster work in a flat proved to be defect ive. The flat owners sued the main contractor; the plastering was carried out by an independent subcontractor. It was held that the main contractor did not owe a duty of care to future occupiers of the flat to supervise the work of independent subcontractors. The cost of repairing the plaster was economic loss and consequently the builder was not liable in negligence .
650 _aDAMAGES
650 _aLIABILITY
690 _aBUILT ENVIRONMENT
700 _aRoe, M.
942 _n0
948 _c04/03/1997
999 _c12652
_d12652